[Event "WCO2014"]
[Site "Tromso"]
[Date "2014.08.09"]
[Round "7.16"]
[WhiteID "3100090"]
[White "Santana Otero Orlando"]
[BlackID "24636789"]
[Black "Ghadimi Mohammed Reza"]
[Result "1-0"]
[LiveChessVersion "1.4.3"]
[BlackElo "2172"]
[WhiteElo "2125"]

1. e4 {[%clk 1:30:53]} c5 {[%clk 1:30:51]} 2. Nf3 {[%clk 1:31:08]} e6
{[%clk 1:31:16]} 3. d3 {[%clk 1:31:27]} d5 {[%clk 1:31:22]} 4. Nbd2
{[%clk 1:31:51]} Nf6 {[%clk 1:31:28]} 5. g3 {[%clk 1:31:55]} b6 {[%clk 1:31:40]}
6. Bg2 {[%clk 1:31:23]} Bb7 {[%clk 1:31:56]} 7. O-O {[%clk 1:24:56]} Qc7
{[%clk 1:31:37]} 8. Re1 {[%clk 1:24:03]} Be7 {[%clk 1:28:50]} 9. h4
{[%clk 1:21:09]} Nc6 {[%clk 1:27:34]} 10. c3 {[%clk 1:15:32]} h6 {[%clk 1:25:38]}
11. Nf1 {[%clk 1:13:49]} O-O-O {[%clk 1:22:18]} 12. Bf4 {[%clk 1:01:51]} e5
{[%clk 1:18:29]} 13. exd5 {[%clk 1:01:54]} exf4 {[%clk 1:13:59]} 14. dxc6
{[%clk 1:00:44]} Ba6 {[%clk 1:11:35]} 15. Ne5 {[%clk 0:57:03]} Bd6
{[%clk 1:12:00]} 16. Qa4 {[%clk 0:57:26]} Bxd3 {[%clk 1:01:26]} 17. Nxd3
{[%clk 0:57:22]} fxg3 {[%clk 1:01:42]} 18. Qa6+ {[%clk 0:57:36]} Kb8
{[%clk 1:02:11]} 19. Nxg3 {[%clk 0:49:04]} Bxg3 {[%clk 1:02:28]} 20. fxg3
{[%clk 0:49:24]} Nh5 {[%clk 1:02:11]} 21. Ne5 {[%clk 0:49:10]} Nf6
{[%clk 0:59:46]} 22. Red1 {[%clk 0:43:00]} g5 {[%clk 0:59:53]} 23. Rd7
{[%clk 0:41:05]} Nxd7 {[%clk 1:00:07]} 24. cxd7 {[%clk 0:41:25]} Rxd7
{[%clk 0:59:15]} 25. Nc6+ {[%clk 0:41:50]} Ka8 {[%clk 0:59:12]} 26. Nxa7+
{[%clk 0:42:07]} Kb8 {[%clk 0:59:26]} 27. Nc6+ {[%clk 0:41:51]} 1-0

[Event "WCO2014"]
[Site "Tromso"]
[Date "2014.08.09"]
[Round "7.36"]
[WhiteID "11300132"]
[White "Njobvu Ignatius"]
[BlackID "9301348"]
[Black "Salem A.R. Saleh"]
[Result "0-1"]
[LiveChessVersion "1.4.3"]
[BlackElo "2591"]
[WhiteElo "2193"]

1. Nf3 {[%clk 1:30:36]} Nf6 {[%clk 1:30:56]} 2. c4 {[%clk 1:31:01]} g6
{[%clk 1:31:23]} 3. b4 {[%clk 1:31:26]} Bg7 {[%clk 1:31:43]} 4. Bb2
{[%clk 1:31:50]} O-O {[%clk 1:32:09]} 5. e3 {[%clk 1:32:14]} c6 {[%clk 1:31:22]}
6. d4 {[%clk 1:25:06]} d5 {[%clk 1:26:58]} 7. Nbd2 {[%clk 1:23:28]} a5
{[%clk 1:27:02]} 8. b5 {[%clk 1:15:09]} a4 {[%clk 1:27:22]} 9. Ba3
{[%clk 1:12:37]} Bf5 {[%clk 1:20:30]} 10. bxc6 {[%clk 1:04:43]} Nxc6
{[%clk 1:20:42]} 11. Be2 {[%clk 1:03:13]} dxc4 {[%clk 1:19:17]} 12. Bxc4
{[%clk 1:02:53]} Qa5 {[%clk 1:18:50]} 13. Qe2 {[%clk 0:58:00]} Qc3
{[%clk 1:18:25]} 14. O-O {[%clk 0:43:48]} Qxa3 {[%clk 1:13:53]} 0-1

[Event "WCO2014"]
[Site "Tromso"]
[Date "2014.08.09"]
[Round "7.35"]
[WhiteID "9300244"]
[White "Omar Noaman"]
[BlackID "11300280"]
[Black "Khetho Phemelo"]
[Result "1-0"]
[LiveChessVersion "1.4.3"]
[BlackElo "2195"]
[WhiteElo "2350"]

1. d4 {[%clk 1:30:55]} Nf6 {[%clk 1:30:42]} 2. c4 {[%clk 1:31:18]} d6
{[%clk 1:30:58]} 3. Nc3 {[%clk 1:31:37]} g6 {[%clk 1:31:18]} 4. e4
{[%clk 1:31:50]} Bg7 {[%clk 1:31:44]} 5. h3 {[%clk 1:31:49]} c5 {[%clk 1:27:31]}
6. d5 {[%clk 1:31:18]} b5 {[%clk 1:27:18]} 7. cxb5 {[%clk 1:31:35]} a6
{[%clk 1:27:46]} 8. Nf3 {[%clk 1:30:52]} O-O {[%clk 1:27:53]} 9. a4
{[%clk 1:30:54]} Nbd7 {[%clk 1:15:16]} 10. Bd2 {[%clk 1:22:20]} Qc7
{[%clk 0:56:56]} 11. Qc2 {[%clk 1:15:05]} Bb7 {[%clk 0:56:55]} 12. Be2
{[%clk 1:04:20]} e6 {[%clk 0:49:18]} 13. dxe6 {[%clk 1:02:32]} fxe6
{[%clk 0:49:47]} 14. bxa6 {[%clk 0:59:02]} Bxa6 {[%clk 0:49:42]} 15. Bxa6
{[%clk 0:59:02]} Rxa6 {[%clk 0:50:09]} 16. O-O {[%clk 0:52:01]} d5
{[%clk 0:48:35]} 17. exd5 {[%clk 0:52:11]} exd5 {[%clk 0:49:00]} 18. Nb5
{[%clk 0:52:21]} Qc6 {[%clk 0:48:31]} 19. Be3 {[%clk 0:49:01]} d4
{[%clk 0:46:32]} 20. Bd2 {[%clk 0:48:49]} Nh5 {[%clk 0:44:56]} 21. Ra3
{[%clk 0:34:02]} Nf4 {[%clk 0:36:00]} 22. Bxf4 {[%clk 0:33:37]} Rxf4
{[%clk 0:36:28]} 23. Rc1 {[%clk 0:28:06]} Qb7 {[%clk 0:24:04]} 24. Re1
{[%clk 0:27:55]} Raf6 {[%clk 0:21:15]} 25. Qc4+ {[%clk 0:26:52]} Kh8
{[%clk 0:20:59]} 26. Re8+ {[%clk 0:26:48]} Bf8 {[%clk 0:20:52]} 27. Rd3
{[%clk 0:18:05]} Kg7 {[%clk 0:18:37]} 28. a5 {[%clk 0:16:41]} Re4
{[%clk 0:16:59]} 29. Rxe4 {[%clk 0:09:43]} Qxe4 {[%clk 0:17:27]} 30. Rd1
{[%clk 0:07:15]} Nb8 {[%clk 0:07:11]} 31. b4 {[%clk 0:06:03]} Na6
{[%clk 0:04:16]} 32. bxc5 {[%clk 0:06:14]} Nxc5 {[%clk 0:04:13]} 33. Nbxd4
{[%clk 0:05:08]} Bd6 {[%clk 0:03:46]} 34. Qc3 {[%clk 0:02:52]} Qd5
{[%clk 0:02:05]} 35. Ra1 {[%clk 0:02:11]} Ne4 {[%clk 0:01:42]} 36. Qb3
{[%clk 0:02:23]} Qa8 {[%clk 0:01:24]} 37. a6 {[%clk 0:01:37]} Nc5
{[%clk 0:01:29]} 38. Qb2 {[%clk 0:01:15]} Nxa6 {[%clk 0:01:03]} 39. Ne6+
{[%clk 0:01:25]} Kf7 {[%clk 0:01:26]} 40. Nfg5+ {[%clk 0:01:27]} Ke7
{[%clk 0:01:54]} 41. Qe2 {[%clk 0:01:12]} Qc8 {[%clk 0:28:25]} 42. Nc5+
{[%clk 0:29:51]} Kd8 {[%clk 0:27:17]} 43. Nxa6 {[%clk 0:26:56]} Qf5
{[%clk 0:25:24]} 44. Nf3 {[%clk 0:26:37]} g5 {[%clk 0:25:41]} 45. Qc4
{[%clk 0:26:10]} h5 {[%clk 0:25:47]} 46. Qg8+ {[%clk 0:25:08]} 1-0

[Event "WCO2014"]
[Site "Tromso"]
[Date "2014.08.09"]
[Round "7.34"]
[WhiteID "11300760"]
[White "Olebile Thato"]
[BlackID "9300465"]
[Black "Alhuwar Jasem"]
[Result "1-0"]
[LiveChessVersion "1.4.3"]
[BlackElo "2277"]
[WhiteElo "2144"]

1. d4 {[%clk 1:30:48]} g6 {[%clk 1:30:42]} 2. c4 {[%clk 1:31:07]} Bg7
{[%clk 1:31:05]} 3. Nc3 {[%clk 1:31:29]} d6 {[%clk 1:31:18]} 4. e4
{[%clk 1:31:52]} Nc6 {[%clk 1:31:20]} 5. Be3 {[%clk 1:30:47]} e5 {[%clk 1:30:54]}
6. d5 {[%clk 1:30:44]} Nce7 {[%clk 1:30:07]} 7. g4 {[%clk 1:30:37]} f5
{[%clk 1:20:05]} 8. gxf5 {[%clk 1:30:11]} gxf5 {[%clk 1:20:28]} 9. Qh5+
{[%clk 1:29:55]} Kf8 {[%clk 1:20:46]} 10. exf5 {[%clk 1:23:13]} Nf6
{[%clk 1:19:59]} 11. Qf3 {[%clk 1:21:51]} Nxf5 {[%clk 1:06:47]} 12. h3
{[%clk 1:16:35]} Qe7 {[%clk 0:43:48]} 13. O-O-O {[%clk 1:12:37]} e4
{[%clk 0:40:44]} 14. Qe2 {[%clk 1:10:05]} Nxe3 {[%clk 0:40:09]} 15. fxe3
{[%clk 1:08:30]} Bf5 {[%clk 0:30:21]} 16. Bg2 {[%clk 1:07:00]} Bg6
{[%clk 0:29:37]} 17. Rf1 {[%clk 1:06:41]} Qe5 {[%clk 0:27:45]} 18. Qd2
{[%clk 1:05:11]} Ke7 {[%clk 0:24:20]} 19. Nge2 {[%clk 1:04:46]} c5
{[%clk 0:19:32]} 20. Nf4 {[%clk 0:58:35]} Bf5 {[%clk 0:19:51]} 21. Rf2
{[%clk 0:52:05]} Rhf8 {[%clk 0:17:52]} 22. Rhf1 {[%clk 0:51:46]} Bh6
{[%clk 0:17:58]} 23. Nce2 {[%clk 0:39:46]} Bg6 {[%clk 0:12:54]} 24. Nxg6+
{[%clk 0:36:23]} hxg6 {[%clk 0:13:16]} 25. Nf4 {[%clk 0:36:46]} Bxf4
{[%clk 0:08:37]} 26. Rxf4 {[%clk 0:36:42]} Nh5 {[%clk 0:05:13]} 27. Rxe4
{[%clk 0:29:58]} Rxf1+ {[%clk 0:05:36]} 28. Kc2 {[%clk 0:30:16]} Qxe4+
{[%clk 0:06:03]} 29. Bxe4 {[%clk 0:30:30]} Raf8 {[%clk 0:06:02]} 30. Qa5
{[%clk 0:29:43]} Nf6 {[%clk 0:06:23]} 31. Bxg6 {[%clk 0:25:19]} Nd7
{[%clk 0:05:26]} 32. Qc7 {[%clk 0:24:29]} Rh8 {[%clk 0:03:26]} 33. Qxb7
{[%clk 0:12:32]} Rf2+ {[%clk 0:03:25]} 34. Kd3 {[%clk 0:08:55]} Rxh3
{[%clk 0:03:27]} 35. Be4 {[%clk 0:08:43]} a5 {[%clk 0:02:54]} 36. b3
{[%clk 0:06:12]} Rg3 {[%clk 0:02:29]} 37. a3 {[%clk 0:05:48]} Rg7
{[%clk 0:02:33]} 38. Qc7 {[%clk 0:03:43]} Rg5 {[%clk 0:01:28]} 39. Qxa5
{[%clk 0:02:31]} Ne5+ {[%clk 0:01:10]} 40. Kc3 {[%clk 0:02:16]} Re2
{[%clk 0:01:06]} 41. Qc7+ {[%clk 0:02:21]} Nd7 {[%clk 0:01:27]} 42. Kd3
{[%clk 0:01:58]} Rb2 {[%clk 0:26:03]} 43. Qb7 {[%clk 0:30:55]} Ra2
{[%clk 0:23:56]} 44. a4 {[%clk 0:30:58]} Rh5 {[%clk 0:18:52]} 45. Bf3
{[%clk 0:27:37]} Rg5 {[%clk 0:19:09]} 46. Ke4 {[%clk 0:27:14]} Rg7
{[%clk 0:16:24]} 47. Qc7 {[%clk 0:24:23]} Ra3 {[%clk 0:13:53]} 48. Bd1
{[%clk 0:23:04]} Ra1 {[%clk 0:14:09]} 49. Bf3 {[%clk 0:21:50]} Ra3
{[%clk 0:14:06]} 50. a5 {[%clk 0:18:33]} Ra1 {[%clk 0:09:04]} 51. Qa7
{[%clk 0:16:33]} Kf6 {[%clk 0:08:42]} 52. Qa8 {[%clk 0:15:29]} Rf1
{[%clk 0:07:44]} 53. Qh8 {[%clk 0:14:49]} Kf7 {[%clk 0:05:01]} 54. Bh5+
{[%clk 0:14:14]} Kf6 {[%clk 0:05:22]} 1-0

[Event "WCO2014"]
[Site "Tromso"]
[Date "2014.08.09"]
[Round "7.33"]
[WhiteID "9303677"]
[White "Ahmed Fareed"]
[BlackID "11300710"]
[Black "Notha Moakofi"]
[Result "1/2-1/2"]
[LiveChessVersion "1.4.3"]
[BlackElo "2070"]
[WhiteElo "1899"]

1. e4 {[%clk 1:30:56]} e5 {[%clk 1:30:52]} 2. Nf3 {[%clk 1:31:17]} Nc6
{[%clk 1:31:18]} 3. Bb5 {[%clk 1:31:39]} f5 {[%clk 1:31:18]} 4. d4
{[%clk 1:30:54]} fxe4 {[%clk 1:28:32]} 5. Nxe5 {[%clk 1:31:17]} Nf6
{[%clk 1:28:44]} 6. O-O {[%clk 0:57:37]} Be7 {[%clk 1:22:40]} 7. Nc3
{[%clk 0:52:22]} O-O {[%clk 1:20:57]} 8. Re1 {[%clk 0:49:41]} Bb4
{[%clk 1:04:25]} 9. Bg5 {[%clk 0:07:12]} Bxc3 {[%clk 0:56:40]} 10. bxc3
{[%clk 0:07:31]} Qe8 {[%clk 0:56:03]} 11. Nxc6 {[%clk 0:01:48]} bxc6
{[%clk 0:55:53]} 12. Bd3 {[%clk 0:01:49]} Qg6 {[%clk 0:49:53]} 13. Bxf6
{[%clk 0:01:21]} Qxf6 {[%clk 0:49:34]} 14. Bxe4 {[%clk 0:01:10]} Qxf2+
{[%clk 0:49:49]} 15. Kh1 {[%clk 0:01:38]} d5 {[%clk 0:48:27]} 16. Bd3
{[%clk 0:00:46]} Qh4 {[%clk 0:47:51]} 17. Qd2 {[%clk 0:00:34]} Bf5
{[%clk 0:42:24]} 18. Re5 {[%clk 0:00:34]} Bxd3 {[%clk 0:41:32]} 19. Qxd3
{[%clk 0:00:58]} Rf2 {[%clk 0:41:06]} 20. Rae1 {[%clk 0:00:39]} Raf8
{[%clk 0:39:20]} 21. Re8 {[%clk 0:00:35]} Qf4 {[%clk 0:34:30]} 22. Rxf8+
{[%clk 0:00:34]} Kxf8 {[%clk 0:33:20]} 23. Kg1 {[%clk 0:00:40]} Qd2
{[%clk 0:26:23]} 24. Rf1 {[%clk 0:00:32]} Rxf1+ {[%clk 0:21:20]} 25. Kxf1
{[%clk 0:00:41]} Qf4+ {[%clk 0:20:20]} 26. Qf3 {[%clk 0:00:53]} Qxf3+
{[%clk 0:20:40]} 27. gxf3 {[%clk 0:01:18]} Ke7 {[%clk 0:20:42]} 28. Kf2
{[%clk 0:01:14]} Kf6 {[%clk 0:20:39]} 29. f4 {[%clk 0:00:47]} Kg6
{[%clk 0:18:26]} 30. Kg3 {[%clk 0:00:52]} Kf5 {[%clk 0:06:02]} 31. Kf3
{[%clk 0:01:13]} g6 {[%clk 0:04:41]} 32. h3 {[%clk 0:01:33]} h6 {[%clk 0:03:41]}
33. Ke3 {[%clk 0:01:32]} h5 {[%clk 0:00:45]} 34. Kf3 {[%clk 0:01:46]} g5
{[%clk 0:00:35]} 35. fxg5 {[%clk 0:01:56]} Kxg5 {[%clk 0:01:04]} 36. Kg3
{[%clk 0:01:59]} h4+ {[%clk 0:00:40]} 37. Kf3 {[%clk 0:02:16]} Kf5
{[%clk 0:00:33]} 38. Ke3 {[%clk 0:02:36]} Kg5 {[%clk 0:00:33]} 39. Kf3
{[%clk 0:02:55]} Kf5 {[%clk 0:00:32]} 40. Ke3 {[%clk 0:03:20]} Kg5
{[%clk 0:00:31]} 41. Kf3 {[%clk 0:03:43]} 1/2-1/2

[Event "WCO2014"]
[Site "Tromso"]
[Date "2014.08.09"]
[Round "7.9"]
[WhiteID "6400361"]
[White "Munoz Santana Jose Lisandro"]
[BlackID "11500336"]
[Black "Shobaita Ahmed"]
[Result "1-0"]
[LiveChessVersion "1.4.3"]
[BlackElo "2067"]
[WhiteElo "2438"]

1. d4 {[%clk 1:30:56]} Nf6 {[%clk 1:30:28]} 2. c4 {[%clk 1:31:08]} e6
{[%clk 1:30:30]} 3. Nf3 {[%clk 1:31:11]} Bb4+ {[%clk 1:29:21]} 4. Nbd2
{[%clk 1:31:21]} O-O {[%clk 1:28:34]} 5. a3 {[%clk 1:31:44]} Bxd2+
{[%clk 1:28:58]} 6. Bxd2 {[%clk 1:32:09]} d6 {[%clk 1:29:09]} 7. Bg5
{[%clk 1:31:21]} Qe7 {[%clk 1:29:05]} 8. e3 {[%clk 1:31:30]} e5 {[%clk 1:28:36]}
9. Be2 {[%clk 1:31:36]} a5 {[%clk 1:28:37]} 10. b3 {[%clk 1:24:56]} Nc6
{[%clk 1:26:10]} 11. O-O {[%clk 1:24:17]} h6 {[%clk 1:25:05]} 12. Bh4
{[%clk 1:24:42]} Bf5 {[%clk 1:24:31]} 13. d5 {[%clk 1:24:04]} Nb8
{[%clk 1:24:13]} 14. Nd2 {[%clk 1:24:27]} g5 {[%clk 1:13:50]} 15. Bg3
{[%clk 1:24:52]} Nbd7 {[%clk 1:14:03]} 16. f3 {[%clk 1:21:39]} Bg6
{[%clk 1:06:15]} 17. b4 {[%clk 1:06:51]} Nh5 {[%clk 0:55:38]} 18. Bf2
{[%clk 1:07:20]} f5 {[%clk 0:55:58]} 19. Qc2 {[%clk 0:54:13]} Qg7
{[%clk 0:48:53]} 20. c5 {[%clk 0:26:38]} g4 {[%clk 0:30:41]} 21. Qd1
{[%clk 0:15:30]} Nhf6 {[%clk 0:17:12]} 22. cxd6 {[%clk 0:15:44]} cxd6
{[%clk 0:17:33]} 23. Nc4 {[%clk 0:16:03]} gxf3 {[%clk 0:13:22]} 24. gxf3
{[%clk 0:15:45]} f4 25. Kh1 {[%clk 0:16:01]} fxe3 {[%clk 0:05:06]} 26. Bxe3
{[%clk 0:15:29]} Kh7 {[%clk 0:02:54]} 27. Rg1 {[%clk 0:15:57]} Qf7
{[%clk 0:01:44]} 28. Nxa5 {[%clk 0:10:30]} b6 {[%clk 0:01:30]} 29. Nc4
{[%clk 0:08:24]} Qxd5 {[%clk 0:01:38]} 30. Qf1 {[%clk 0:08:32]} e4
{[%clk 0:01:06]} 31. Rd1 {[%clk 0:08:18]} Qh5 {[%clk 0:01:04]} 32. f4
{[%clk 0:08:35]} Qh4 {[%clk 0:00:31]} 33. Nxd6 {[%clk 0:05:47]} Bh5
{[%clk 0:00:42]} 34. Nf5 {[%clk 0:04:55]} Bxe2 {[%clk 0:00:47]} 35. Qxe2
{[%clk 0:05:24]} Qh3 {[%clk 0:00:54]} 36. Qg2 {[%clk 0:01:09]} Qxg2+
{[%clk 0:00:45]} 37. Rxg2 {[%clk 0:01:39]} Rg8 {[%clk 0:01:03]} 38. Rgd2
{[%clk 0:01:05]} Rxa3 {[%clk 0:00:38]} 39. Rxd7+ {[%clk 0:00:54]} Nxd7
{[%clk 0:00:45]} 40. Rxd7+ {[%clk 0:01:22]} Kg6 {[%clk 0:00:38]} 41. Ne7+
{[%clk 0:01:45]} Kh5 {[%clk 0:30:02]} 42. Nxg8 {[%clk 0:33:08]} Rxe3
{[%clk 0:30:28]} 43. Rg7 {[%clk 0:32:44]} Kh4 {[%clk 0:28:52]} 44. Nxh6
{[%clk 0:32:33]} Re1+ {[%clk 0:26:48]} 45. Rg1 {[%clk 0:32:48]} 1-0

[Event "WCO2014"]
[Site "Tromso"]
[Date "2014.08.09"]
[Round "7.10"]
[WhiteID "11500255"]
[White "Tamra Attallah"]
[BlackID "6400299"]
[Black "Puntier Andujar William Staling"]
[Result "0-1"]
[LiveChessVersion "1.4.3"]
[BlackElo "2333"]
[WhiteElo "2081"]

1. d4 {[%clk 1:30:45]} c5 {[%clk 1:30:33]} 2. d5 {[%clk 1:30:42]} Nf6
{[%clk 1:30:55]} 3. Nc3 {[%clk 1:29:39]} g6 {[%clk 1:31:17]} 4. Nf3
{[%clk 1:29:50]} Bg7 {[%clk 1:31:39]} 5. e4 {[%clk 1:30:13]} d6 {[%clk 1:31:58]}
6. Bb5+ {[%clk 1:30:36]} Nfd7 {[%clk 1:31:53]} 7. a4 {[%clk 1:30:22]} O-O
{[%clk 1:32:15]} 8. O-O {[%clk 1:30:41]} Na6 {[%clk 1:32:41]} 9. Re1
{[%clk 1:29:21]} Nc7 {[%clk 1:32:56]} 10. Bf1 {[%clk 1:29:28]} Ne5
{[%clk 1:30:40]} 11. Nxe5 {[%clk 1:25:09]} Bxe5 {[%clk 1:31:04]} 12. Be3
{[%clk 1:17:59]} a6 {[%clk 1:18:18]} 13. Qd2 {[%clk 1:10:39]} Rb8
{[%clk 1:18:18]} 14. h3 {[%clk 1:07:19]} b5 {[%clk 1:18:21]} 15. axb5
{[%clk 1:07:08]} axb5 {[%clk 1:18:44]} 16. Ra7 {[%clk 1:01:56]} b4
{[%clk 1:18:04]} 17. Nd1 {[%clk 0:58:38]} Nb5 {[%clk 1:15:44]} 18. Bxb5
{[%clk 0:57:59]} Rxb5 {[%clk 1:16:04]} 19. c4 {[%clk 0:54:18]} Ra5
{[%clk 1:14:45]} 20. Rxa5 {[%clk 0:54:46]} Qxa5 {[%clk 1:15:06]} 21. f4
{[%clk 0:55:01]} Bg7 {[%clk 1:15:23]} 22. Nf2 {[%clk 0:55:30]} Qa2
{[%clk 1:15:23]} 23. Qc2 {[%clk 0:52:53]} Qxb2 {[%clk 1:14:58]} 24. Qd3
{[%clk 0:50:37]} Bd7 {[%clk 1:02:07]} 25. g4 {[%clk 0:48:32]} Ra8
{[%clk 1:01:50]} 26. e5 {[%clk 0:47:27]} Ra2 {[%clk 0:57:43]} 27. Kf1
{[%clk 0:38:23]} Ba4 {[%clk 0:43:47]} 28. Rb1 {[%clk 0:30:53]} Qc2
{[%clk 0:43:51]} 29. Rc1 {[%clk 0:31:00]} Qxd3+ {[%clk 0:43:29]} 30. Nxd3
{[%clk 0:31:20]} Bc2 {[%clk 0:43:47]} 31. Ke2 {[%clk 0:29:25]} b3
{[%clk 0:42:58]} 32. Kd2 {[%clk 0:28:04]} dxe5 {[%clk 0:41:51]} 33. fxe5
{[%clk 0:19:54]} b2 {[%clk 0:42:01]} 34. Kxc2 {[%clk 0:20:08]} bxc1=Q+
{[%clk 0:42:16]} 35. Kxc1 {[%clk 0:20:27]} Ra4 {[%clk 0:42:22]} 36. Bxc5
{[%clk 0:20:23]} Rxc4+ {[%clk 0:42:43]} 37. Kd2 {[%clk 0:20:52]} Bxe5
{[%clk 0:42:37]} 38. Bxe7 {[%clk 0:20:41]} f6 {[%clk 0:42:25]} 39. Nxe5
{[%clk 0:12:47]} fxe5 {[%clk 0:42:27]} 40. Bf6 {[%clk 0:13:00]} Rd4+
{[%clk 0:42:41]} 41. Ke3 {[%clk 0:13:29]} Rxd5 {[%clk 0:43:02]} 42. Ke4
{[%clk 0:13:48]} Ra5 {[%clk 0:41:00]} 43. Bxe5 {[%clk 0:13:38]} Kf7
{[%clk 0:41:25]} 44. h4 {[%clk 0:10:41]} Ke6 {[%clk 0:41:39]} 45. Bf4
{[%clk 0:09:30]} Ra4+ {[%clk 0:40:24]} 46. Kf3 {[%clk 0:09:55]} Kd5
{[%clk 0:40:25]} 47. Bb8 {[%clk 0:08:57]} Ra8 {[%clk 0:39:36]} 48. Bc7
{[%clk 0:08:52]} Rc8 {[%clk 0:39:39]} 49. Bh2 {[%clk 0:07:02]} Rc3+
{[%clk 0:39:37]} 50. Kf4 {[%clk 0:03:19]} Rh3 {[%clk 0:34:00]} 51. Bg3
{[%clk 0:03:36]} h6 {[%clk 0:33:11]} 52. Kf3 {[%clk 0:27:03]} Rxg3+
{[%clk 1:03:37]} 53. Kxg3 {[%clk 0:27:23]} Ke4 {[%clk 1:04:02]} 0-1

[Event "WCO2014"]
[Site "Tromso"]
[Date "2014.08.09"]
[Round "7.12"]
[WhiteID "3400085"]
[White "Michel Yunis Christian D."]
[BlackID "6401783"]
[Black "Polanco Nunez Yoel Estarling"]
[Result "1-0"]
[LiveChessVersion "1.4.3"]
[BlackElo "2157"]
[WhiteElo "2311"]

1. d4 {[%clk 1:30:50]} Nf6 {[%clk 1:30:55]} 2. Nf3 {[%clk 1:30:37]} e6
{[%clk 1:31:15]} 3. c4 {[%clk 1:30:33]} d5 {[%clk 1:31:43]} 4. Nc3
{[%clk 1:30:30]} Bb4 {[%clk 1:32:10]} 5. e3 {[%clk 1:22:16]} c5 {[%clk 1:29:53]}
6. Bd3 {[%clk 1:15:28]} O-O {[%clk 1:24:41]} 7. O-O {[%clk 1:14:57]} Nbd7
{[%clk 1:22:27]} 8. cxd5 {[%clk 1:08:45]} exd5 {[%clk 1:22:45]} 9. Bd2
{[%clk 1:04:04]} c4 {[%clk 1:20:00]} 10. Bc2 {[%clk 0:51:06]} Rb8
{[%clk 1:17:33]} 11. a3 {[%clk 0:46:52]} Bxc3 {[%clk 1:15:13]} 12. Bxc3
{[%clk 0:46:01]} Re8 {[%clk 1:15:32]} 13. a4 {[%clk 0:42:31]} Ne4
{[%clk 1:13:40]} 14. Bb4 {[%clk 0:41:59]} b6 {[%clk 0:52:07]} 15. Rc1
{[%clk 0:30:22]} Qf6 {[%clk 0:50:41]} 16. Qe2 {[%clk 0:28:17]} Ba6
{[%clk 0:49:03]} 17. Rfe1 {[%clk 0:26:08]} Rbc8 {[%clk 0:47:17]} 18. Ba3
{[%clk 0:25:00]} Qe6 {[%clk 0:36:08]} 19. Bb1 {[%clk 0:21:54]} f5
{[%clk 0:36:04]} 20. Qc2 {[%clk 0:19:47]} Kh8 {[%clk 0:23:49]} 21. Nd2
{[%clk 0:19:36]} c3 {[%clk 0:18:31]} 22. Nf1 {[%clk 0:17:22]} Ndf6
{[%clk 0:15:07]} 23. f3 {[%clk 0:16:58]} cxb2 {[%clk 0:14:50]} 24. Qxb2
{[%clk 0:17:13]} Ng5 {[%clk 0:12:10]} 25. Ng3 {[%clk 0:16:56]} Rxc1
{[%clk 0:11:26]} 26. Qxc1 {[%clk 0:16:59]} f4 {[%clk 0:09:17]} 27. Bf5
{[%clk 0:17:26]} Qf7 {[%clk 0:05:27]} 28. exf4 {[%clk 0:17:35]} Ne6
{[%clk 0:05:30]} 29. Bxe6 {[%clk 0:14:17]} Rxe6 {[%clk 0:05:58]} 30. Re5
{[%clk 0:10:44]} Bc4 {[%clk 0:04:02]} 31. Qe3 {[%clk 0:10:20]} Re8
{[%clk 0:01:24]} 32. Nf5 {[%clk 0:09:09]} Qg6 {[%clk 0:01:28]} 33. g4
{[%clk 0:07:26]} h5 {[%clk 0:01:07]} 34. h3 {[%clk 0:06:32]} Rg8 {[%clk 0:00:49]}
35. Re7 {[%clk 0:04:43]} hxg4 {[%clk 0:00:45]} 36. hxg4 {[%clk 0:05:07]} Qh7
{[%clk 0:00:34]} 37. Kg2 {[%clk 0:05:07]} Nxg4 {[%clk 0:31:00]} 38. fxg4
{[%clk 0:36:18]} 1-0

[Event "WCO2014"]
[Site "Tromso"]
[Date "2014.08.09"]
[Round "7.32"]
[WhiteID "6700284"]
[White "Arias Lemnys A."]
[BlackID "4800575"]
[Black "Salih Akar Ali Salih"]
[Result "1/2-1/2"]
[LiveChessVersion "1.4.3"]
[BlackElo "2315"]
[WhiteElo "2329"]

1. e4 {[%clk 1:30:51]} c5 {[%clk 1:30:36]} 2. Nf3 {[%clk 1:31:16]} d6
{[%clk 1:30:55]} 3. d4 {[%clk 1:31:39]} cxd4 {[%clk 1:31:17]} 4. Nxd4
{[%clk 1:32:08]} Nf6 {[%clk 1:31:38]} 5. Nc3 {[%clk 1:32:37]} a6 {[%clk 1:32:00]}
6. f3 {[%clk 1:33:02]} Qb6 {[%clk 1:29:30]} 7. Nb3 {[%clk 1:31:19]} e6
{[%clk 1:29:42]} 8. Bf4 {[%clk 1:31:45]} Nbd7 {[%clk 1:24:14]} 9. Qd2
{[%clk 1:31:45]} Be7 {[%clk 1:23:58]} 10. g4 {[%clk 1:18:56]} Ne5
{[%clk 1:21:48]} 11. Be2 {[%clk 1:18:07]} Qc7 {[%clk 1:20:37]} 12. a4
{[%clk 1:06:49]} Bd7 {[%clk 1:14:24]} 13. h4 {[%clk 0:57:26]} h6 {[%clk 1:03:21]}
14. O-O-O {[%clk 0:52:05]} Rb8 {[%clk 0:44:26]} 15. a5 {[%clk 0:45:52]} Bc6
{[%clk 0:41:43]} 16. g5 {[%clk 0:45:18]} hxg5 {[%clk 0:32:08]} 17. hxg5
{[%clk 0:42:07]} Rxh1 {[%clk 0:32:32]} 18. Rxh1 {[%clk 0:42:20]} Nfd7
{[%clk 0:32:53]} 19. Rh8+ {[%clk 0:37:23]} Nf8 {[%clk 0:30:46]} 20. Be3
{[%clk 0:37:10]} Bd7 {[%clk 0:28:44]} 21. Qd4 {[%clk 0:34:56]} Rc8
{[%clk 0:28:40]} 22. Rh1 {[%clk 0:23:33]} g6 {[%clk 0:21:09]} 23. Qa7
{[%clk 0:18:37]} Nc6 {[%clk 0:16:20]} 24. Qb6 {[%clk 0:18:43]} Qb8
{[%clk 0:15:38]} 25. Bd2 {[%clk 0:17:51]} Bd8 {[%clk 0:15:33]} 26. Qe3
{[%clk 0:18:07]} Nxa5 {[%clk 0:12:21]} 27. Nxa5 {[%clk 0:18:23]} Bxa5
{[%clk 0:12:49]} 28. Rh8 {[%clk 0:18:51]} b5 {[%clk 0:08:02]} 29. Qd4
{[%clk 0:16:46]} e5 {[%clk 0:07:41]} 30. Qg1 {[%clk 0:16:30]} Be6
{[%clk 0:07:20]} 31. f4 {[%clk 0:15:03]} Qb6 {[%clk 0:04:33]} 32. Qg3
{[%clk 0:13:10]} b4 {[%clk 0:04:03]} 33. Nd5 {[%clk 0:13:14]} Bxd5
{[%clk 0:03:37]} 34. exd5 {[%clk 0:13:34]} Qc5 {[%clk 0:02:36]} 35. Qb3
{[%clk 0:13:09]} Qg1+ {[%clk 0:01:24]} 36. Bd1 {[%clk 0:13:31]} Qc5
{[%clk 0:00:51]} 37. fxe5 {[%clk 0:12:49]} dxe5 {[%clk 0:01:20]} 38. Bg4
{[%clk 0:12:39]} Qg1+ {[%clk 0:01:32]} 39. Bd1 {[%clk 0:13:01]} Qc5
{[%clk 0:01:46]} 40. Rh4 {[%clk 0:10:53]} Rd8 {[%clk 0:00:55]} 41. Bf3
{[%clk 0:10:34]} Qg1+ {[%clk 0:00:34]} 42. Bd1 {[%clk 0:10:51]} Qc5
{[%clk 0:30:31]} 43. Bf3 {[%clk 0:36:42]} Qg1+ {[%clk 0:29:05]} 44. Bd1
{[%clk 0:37:05]} Qc5 {[%clk 0:29:27]} 45. Bf3 {[%clk 0:37:27]} 1/2-1/2